Guide to TCP/IP / (Record no. 35878)
[ view plain ]
| 000 -LEADER | |
|---|---|
| fixed length control field | 00502nam a22001817a 4500 |
| 005 - DATE AND TIME OF LATEST TRANSACTION | |
| control field | 20240610141349.0 |
| 008 - FIXED-LENGTH DATA ELEMENTS--GENERAL INFORMATION | |
| fixed length control field | 240610b |||||||| |||| 00| 0 eng d |
| 020 ## - INTERNATIONAL STANDARD BOOK NUMBER | |
| ISBN | 9781133019862 |
| 082 ## - DEWEY DECIMAL CLASSIFICATION NUMBER | |
| Classification number | 005.62 |
| Item number | CAR-G |
| 100 ## - MAIN ENTRY--AUTHOR | |
| Author Name | Carrell, Jeffrey L. |
| 245 ## - TITLE STATEMENT | |
| Title | Guide to TCP/IP / |
| Statement of responsibility, etc. | Laura A.Chappell |
| 250 ## - EDITION STATEMENT | |
| Edition statement | 4 th ed. |
| 260 ## - PUBLICATION, DISTRIBUTION, ETC. | |
| Place of Publication | USA: |
| Name of publisher, distributor, etc. | Elsevier; |
| Date of publication, distribution, etc. | 2013. |
| 300 ## - PHYSICAL DESCRIPTION | |
| Pages | xxii, 744 p. : |
| 500 ## - GENERAL NOTE | |
| General note | Include index. |
| 650 ## - SUBJECT ADDED ENTRY--TOPICAL TERM | |
| Subject / Department | computer science/ web operating system |
| 300 ## - PHYSICAL DESCRIPTION | |
| -- | ill; |
| -- | 23 cm. |
| 952 ## - LOCATION AND ITEM INFORMATION (KOHA) | |
| -- | 0 |
| -- | 0 |
| 952 ## - LOCATION AND ITEM INFORMATION (KOHA) | |
| -- | 0 |
| -- | 0 |
| 952 ## - LOCATION AND ITEM INFORMATION (KOHA) | |
| -- | 0 |
| -- | 0 |
| 952 ## - LOCATION AND ITEM INFORMATION (KOHA) | |
| -- | 0 |
| -- | 0 |
| 952 ## - LOCATION AND ITEM INFORMATION (KOHA) | |
| -- | 0 |
| -- | 0 |
| 952 ## - LOCATION AND ITEM INFORMATION (KOHA) | |
| -- | 0 |
| -- | 0 |
| Lost status | Damaged status | Collection code | Permanent Location | Current Location | Shelving Location | Date acquired | Full Call Number | Accession No./Barcode | Date last seen | Copy number | item type | Koha item type |
|---|---|---|---|---|---|---|---|---|---|---|---|---|
| CS/IT | Superior Information Resource Center (SIRC) Superior University- Gold Campus | Superior Information Resource Center (SIRC) Superior University- Gold Campus | web operating system | 06/10/2024 | 004.62 CHA-G 2013 | 17583 | 06/10/2024 | 1 | BOOK | BOOK | ||
| CS/IT | Superior Information Resource Center (SIRC) Superior University- Gold Campus | Superior Information Resource Center (SIRC) Superior University- Gold Campus | web operating system | 06/10/2024 | 004.62 CHA-G 2013 | 17584 | 06/10/2024 | 2 | BOOK | BOOK | ||
| CS/IT | Superior Information Resource Center (SIRC) Superior University- Gold Campus | Superior Information Resource Center (SIRC) Superior University- Gold Campus | web operating system | 06/10/2024 | 004.62 CHA-G 2013 | 17585 | 06/10/2024 | 3 | BOOK | BOOK | ||
| CS/IT | Superior Information Resource Center (SIRC) Superior University- Gold Campus | Superior Information Resource Center (SIRC) Superior University- Gold Campus | web operating system | 06/10/2024 | 004.62 CHA-G 2013 | 17582 | 06/10/2024 | 4 | BOOK | BOOK | ||
| CS/IT | Superior Information Resource Center (SIRC) Superior University- Gold Campus | Superior Information Resource Center (SIRC) Superior University- Gold Campus | web operating system | 06/10/2024 | 004.62 CHA-G 2013 | 17631 | 06/10/2024 | 5 | BOOK | BOOK | ||
| CS/IT | Superior Information Resource Center (SIRC) Superior University- Gold Campus | Superior Information Resource Center (SIRC) Superior University- Gold Campus | web operating system | 08/02/2024 | 004.62 CHA-G 2013 | 16381 | 08/02/2024 | 6 | BOOK | BOOK |
